Lecciones sobre los métodos generales de síntesis en Química orgánica (Record no. 184448)

MARC details
000 -LEADER
campo de control de longitud fija 00875nam a2200181 i 4500
001 - NÚMERO DE CONTROL
campo de control 184448
003 - IDENTIFICADOR DE NÚMERO DE CONTROL
campo de control ES-MaACL
005 - FECHA Y HORA DE LA ÚLTIMA TRANSACCIÓN
campo de control 20250815113049.0
008 - DATOS DE LONGITUD FIJA--INFORMACIÓN GENERAL
campo de control de longitud fija 150831s1873 sp |||| | spa d
100 1# - ENTRADA PRINCIPAL--NOMBRE DE PERSONA
Nombre de persona Berthelot, Marcellin,
Fechas asociadas al nombre 1827-1907
9 (RLIN) 125961
245 10 - MENCIÓN DEL TÍTULO
Título Lecciones sobre los métodos generales de síntesis en Química orgánica
Resto del título : explicadas en el Colegio de Francia /
Mención de responsabilidad, etc. por Berthelot ; traducidas por Vicente Martin de Argenta.
260 ## - PUBLICACIÓN, DISTRIBUCIÓN, ETC.
Lugar de publicación, distribución, etc. Madrid :
Nombre del editor, distribuidor, etc. Semanario Farmacéutico,
Fecha de publicación, distribución, etc. 1873 (
Fabricante Imp. de J.M. Ducazcal)
300 ## - DESCRIPCIÓN FÍSICA
Extensión 372, X p. ;
Dimensiones 24 cm.
650 #7 - PUNTO DE ACCESO ADICIONAL DE MATERIA--TÉRMINO DE MATERIA
Término de materia o nombre geográfico como elemento de entrada Química orgánica
Fuente del encabezamiento o término embne
9 (RLIN) 136799
700 1# - ENTRADA AGREGADA--NOMBRE PERSONAL
Nombre de persona Martín de Argenta, Vicente.
9 (RLIN) 157362
852 ## - LOCALIZACIÓN
Ubicación ES-MaACL
Número de control de estantería G-11016
Nota libre .- Sello de "Los Escolares Médicos"
-- .- Legado Gustavo Saenz Diez
-- .- Dedicatoria ms. del traductor a la biblioteca de "Los Escolares Médicos"
Holdings
Estatus retirado Estado de pérdida Estado de daño No para préstamo Colección Biblioteca de origen Biblioteca actual Ubicación en estantería Fecha de adquisición Fuente de adquisición Total de préstamos Signatura topográfica completa Código de barras Visto por última vez Precio de reemplazo Tipo de ítem Koha
        Libros del s. XIX Biblioteca del Ateneo de Madrid Biblioteca del Ateneo de Madrid Sala Pecera Planta 3 31/08/2015     G-11016 1194105 23/02/2023 23/02/2023 Libro impreso antiguo